All WCW International World Heavyweight Champions - Statistics

General Stats
  • This quiz has been taken 37 times
  • The average score is 6 of 9
Answer Stats
Hint Answer % Correct
WCW Beach Blast 1993 Ric Flair
93%
WCW Clash Of The Champions XXVII Ric Flair
93%
WCW Spring Stampede 1994 Sting
77%
WCW Slamboree 1994 Sting
77%
WCW Fall Brawl 1993 Rick Rude
70%
House Show Rick Rude
70%
NJPW Wrestling Dontaku 1994 Rick Rude
70%
House Show Hiroshi Hase
20%
WCW Slamboree 1994 Vacant
20%
No matching quizzes found
Score Distribution
Percent of People with Each Score
Percentile by Number Answered
Your Score History
You have not taken this quiz